Sobre la libertad / (Record no. 196813)

MARC details
000 -LEADER
campo de control de longitud fija 01684nam a2200433 i 4500
001 - NÚMERO DE CONTROL
campo de control 196813
003 - IDENTIFICADOR DE NÚMERO DE CONTROL
campo de control ES-MaACL
005 - FECHA Y HORA DE LA ÚLTIMA TRANSACCIÓN
campo de control 20250730063209.0
008 - DATOS DE LONGITUD FIJA--INFORMACIÓN GENERAL
campo de control de longitud fija 241212s2017 sp a | |||| 001 0 spa
015 ## - NÚMERO DE BIBLIOGRAFÍA NACIONAL
Número de bibliografía nacional MON17
017 ## - NÚMERO DE COPYRIGHT O DE DEPÓSITO LEGAL
Número de copyright o de depósito legal M 21276-2017
Agencia que asigna Oficina Depósito Legal Madrid
020 ## - NÚMERO INTERNACIONAL ESTÁNDAR DEL LIBRO
Número Internacional Estándar del Libro 9788491048329
035 ## - NÚMERO DE CONTROL DEL SISTEMA
Número de control de sistema (OCoLC)1040004036
035 ## - NÚMERO DE CONTROL DEL SISTEMA
Número de control de sistema (SpMaBN)a6172549
040 ## - FUENTE DE CATALOGACIÓN
Centro catalogador/agencia de origen SpMaBN
Lengua de catalogación spa
Centro/agencia transcriptor SpMaBN
Normas de descripción rdc
080 ## - NÚMERO DE LA CLASIFICACIÓN DECIMAL UNIVERSAL
Número de la Clasificación Decimal Universal 329.12
100 1# - ENTRADA PRINCIPAL--NOMBRE DE PERSONA
Nombre de persona Berlin, Isaiah,
Fechas asociadas al nombre 1909-1997
9 (RLIN) 239356
Término indicativo de función/relación Autor
240 10 - TÍTULO UNIFORME
Título uniforme Liberty
Lenguaje de la obra Español
245 10 - MENCIÓN DEL TÍTULO
Título Sobre la libertad /
Mención de responsabilidad, etc. Isaiah Berlin ; edición de Henry Hardy ; con un ensayo sobre Berlin y sus críticos por Ian Harris ; preparación de la edición castellana a cargo de Ángel Rivero ; [traducción de Julio Bayón ... et al.]
250 ## - MENCION DE EDICION
Mención de edición Segunda edición
260 ## - PUBLICACIÓN, DISTRIBUCIÓN, ETC.
Lugar de publicación, distribución, etc. Madrid :
Nombre del editor, distribuidor, etc. Alianza Editorial,
Fecha de publicación, distribución, etc. D.L. 2017.
300 ## - DESCRIPCIÓN FÍSICA
Extensión 429 páginas :
Otras características físicas ilustrado ;
Dimensiones 23 cm
336 ## - TIPO DE CONTENIDO
Término de tipo de contenido Texto (visual)
Fuente isbdcontent
337 ## - TIPO DE MEDIO
Nombre/término del tipo de medio sin mediación
Fuente isbdmedia
338 ## - TIPO DE SOPORTE
Fuente rdacarrier
Nombre/término del tipo de soporte volumen
504 ## - NOTA DE BIBLIOGRAFÍA, ETC.
Nota de bibliografía, etc. Incluye referencias bibliográficas e índice
594 ## - NOTA AL TITULO Y MENCION DE RESPONSABILIDAD
Nota al título y mención de responsabilidad Título original: Liberty
650 #7 - PUNTO DE ACCESO ADICIONAL DE MATERIA--TÉRMINO DE MATERIA
Término de materia o nombre geográfico como elemento de entrada Liberalismo
Fuente del encabezamiento o término embne
9 (RLIN) 14386
700 1# - ENTRADA AGREGADA--NOMBRE PERSONAL
Nombre de persona Hardy, Henry
9 (RLIN) 61831
Término indicativo de función/relación Editor literario
700 1# - ENTRADA AGREGADA--NOMBRE PERSONAL
Nombre de persona Harris, Ian
9 (RLIN) 239357
Término indicativo de función/relación Autor de introducción
700 0# - ENTRADA AGREGADA--NOMBRE PERSONAL
Nombre de persona Rivero Rodríguez, Angel
9 (RLIN) 97708
Término indicativo de función/relación Editor literario
700 0# - ENTRADA AGREGADA--NOMBRE PERSONAL
Nombre de persona Bayón, Julio
9 (RLIN) 26710
Término indicativo de función/relación Traductor
852 ## - LOCALIZACIÓN
Ubicación ES-MaACL
Ubicación en estantería Depósito J
Número de control de estantería N-10235
Encuadernación Encuadernación rústica con solapas
itemnumber 206361
942 ## - ELEMENTOS DE ENTRADA SECUNDARIOS (KOHA)
Tipo de ítem Koha Libro impreso
Suprimir en OPAC No
Holdings
Estatus retirado Estado de pérdida Fuente del sistema de clasificación o colocación Estado de daño No para préstamo Biblioteca de origen Biblioteca actual Ubicación en estantería Fecha de adquisición Fuente de adquisición Total de préstamos Signatura topográfica completa Código de barras Visto por última vez Precio de reemplazo Tipo de ítem Koha
    Clasificación decimal universal     Biblioteca del Ateneo de Madrid Biblioteca del Ateneo de Madrid Depósito J 28/07/2025 Donación   N-10235 2025-0746 28/07/2025 28/07/2025 Libro impreso